000 00379nam a2200133Ia 4500
005 20260326100037.0
008 260326s9999||||xx |||||||||||||| ||und||
100 _aSinisterra C, Cesar
245 0 _aEvaluaciónes inmobiliarias :
_b Metodología /
_cCesar Sinisterra C
260 _bGrafiCali de Occidente
300 _a186 p.
650 _aCONSTRUCCIÓN-PLANEAMIENTO
942 _cBK
999 _c6848
_d6848